Geography Multi-select #40 - Statistics

General Stats
  • This quiz has been taken 15 times
  • The average score is 70 of 90
Answer Stats
Question Tile Select % Correct
JetPunk sovereign states with a coastline on the Gulf of Guinea (according to the International Hydrographic Organization). Angola No
100%
five of the most populous municipalities in Iowa (2020). Ankeny No
100%
JetPunk sovereign states with at least one national capital (of any type) whose name begins with “B.” Belgium Yes
100%
countries with sovereign territory having a coastline on the Mediterranean Sea. Cyprus Yes
100%
five of the most populous municipalities in Iowa (2020). Des Moines Yes
100%
countries with sovereign territory having a coastline on the Mediterranean Sea. Egypt Yes
100%
JetPunk sovereign states with at least one national capital (of any type) whose name begins with “B.” Finland No
100%
JetPunk sovereign states with a coastline on the Gulf of Guinea (according to the International Hydrographic Organization). Ivory Coast Yes
100%
JetPunk sovereign states with at least one national capital (of any type) whose name begins with “B.” Kuwait No
100%
locations that share a land border with Algeria. Libya Yes
100%
polities where some form of Malay is a de jure official or co-official language. Malaysia Yes
100%
locations that share a land border with Algeria. Morocco Yes
100%
JetPunk sovereign states with a coastline on the Gulf of Guinea (according to the International Hydrographic Organization). Namibia No
100%
JetPunk sovereign states with a coastline on the Gulf of Guinea (according to the International Hydrographic Organization). Niger No
100%
locations that share a land border with Algeria. Nigeria No
100%
countries with sovereign territory having a coastline on the Mediterranean Sea. North Macedonia No
100%
countries with sovereign territory having a coastline on the Mediterranean Sea. Portugal No
100%
polities where some form of Malay is a de jure official or co-official language. Singapore Yes
100%
countries with sovereign territory having a coastline on the Mediterranean Sea. Spain Yes
100%
JetPunk sovereign states with a coastline on the Gulf of Guinea (according to the International Hydrographic Organization). Togo Yes
100%
locations that share a land border with Algeria. Tunisia Yes
100%
countries with sovereign territory having a coastline on the Mediterranean Sea. Turkey Yes
100%
JetPunk sovereign states with a coastline on the Gulf of Guinea (according to the International Hydrographic Organization). Benin Yes
93%
five of the most populous municipalities in Iowa (2020). Cedar Rapids Yes
93%
polities where some form of Malay is a de jure official or co-official language. Christmas Island No
93%
JetPunk sovereign states with at least one national capital (of any type) whose name begins with “B.” Comoros No
93%
JetPunk sovereign states with a coastline on the Gulf of Guinea (according to the International Hydrographic Organization). D. R. Congo No
93%
JetPunk sovereign states with at least one national capital (of any type) whose name begins with “B.” East Timor No
93%
polities where some form of Malay is a de jure official or co-official language. Indonesia Yes
93%
JetPunk sovereign states with at least one national capital (of any type) whose name begins with “B.” Marshall Islands No
93%
U.S. locations that share a land border with Maryland. New York No
93%
JetPunk sovereign states with a coastline on the Gulf of Guinea (according to the International Hydrographic Organization). Nigeria Yes
93%
polities where some form of Malay is a de jure official or co-official language. Papua New Guinea No
93%
JetPunk sovereign states with at least one national capital (of any type) whose name begins with “B.” Slovakia Yes
93%
countries with sovereign territory having a coastline on the Mediterranean Sea. Sudan No
93%
five of the most populous cities in Bhutan (2017). Thimphu Yes
93%
five of the most populous municipalities in Iowa (2020). Waterloo No
93%
five of the most populous municipalities in Iowa (2020). Ames No
86%
JetPunk sovereign states with at least one national capital (of any type) whose name begins with “B.” Barbados Yes
86%
JetPunk sovereign states with a coastline on the Gulf of Guinea (according to the International Hydrographic Organization). Cameroon Yes
86%
locations that share a land border with Algeria. Chad No
86%
associate members of the Organisation of Eastern Caribbean States. Guadeloupe Yes
86%
countries with sovereign territory having a coastline on the Mediterranean Sea. Jordan No
86%
locations that share a land border with Algeria. Mauritania Yes
86%
five of the most populous municipalities in Iowa (2020). Sioux City Yes
86%
associate members of the Organisation of Eastern Caribbean States. Bermuda No
79%
associate members of the Organisation of Eastern Caribbean States. British Virgin Islands Yes
79%
five of the most populous municipalities in Iowa (2020). Davenport Yes
79%
U.S. locations that share a land border with Maryland. Delaware Yes
79%
polities where some form of Malay is a de jure official or co-official language. East Timor No
79%
five of the most populous municipalities in Iowa (2020). Iowa City Yes
79%
current National Historic Landmarks located in Illinois. John Belushi House No
79%
U.S. locations that share a land border with Maryland. Kentucky No
79%
locations that share a land border with Algeria. Mali Yes
79%
associate members of the Organisation of Eastern Caribbean States. Martinique Yes
79%
locations that share a land border with Algeria. Niger Yes
79%
U.S. locations that share a land border with Maryland. North Carolina No
79%
U.S. locations that share a land border with Maryland. Pennsylvania Yes
79%
JetPunk sovereign states with at least one national capital (of any type) whose name begins with “B.” R. Congo Yes
79%
U.S. locations that share a land border with Maryland. Virginia Yes
79%
five of the most populous municipalities in Iowa (2020). West Des Moines No
79%
associate members of the Organisation of Eastern Caribbean States. Anguilla Yes
71%
U.S. locations that share a land border with Maryland. New Jersey No
71%
polities where some form of Malay is a de jure official or co-official language. Thailand No
71%
current National Historic Landmarks located in Illinois. Wrigley Field Yes
71%
polities where some form of Malay is a de jure official or co-official language. Brunei Yes
64%
five of the most populous cities in Bhutan (2017). Jakar No
64%
current National Historic Landmarks located in Illinois. Sears, Roebuck and Company Yes
64%
current National Historic Landmarks located in Illinois. Ulysses S. Grant Home Yes
64%
five of the most populous cities in Bhutan (2017). Wangdue Phodrang No
64%
current National Historic Landmarks located in Illinois. First Presbyterian Church of Springfield No
57%
five of the most populous cities in Bhutan (2017). Nganglam No
57%
five of the most populous cities in Bhutan (2017). Samdrup Jongkhar Yes
57%
U.S. locations that share a land border with Maryland. Washington, D.C. Yes
57%
U.S. locations that share a land border with Maryland. West Virginia Yes
57%
current National Historic Landmarks located in Illinois. Loop Retail Historic District No
50%
five of the most populous cities in Bhutan (2017). Paro Yes
50%
locations that share a land border with Algeria. Western Sahara Yes
50%
five of the most populous cities in Bhutan (2017). Gelephu Yes
43%
five of the most populous cities in Bhutan (2017). Phuntsholing Yes
43%
associate members of the Organisation of Eastern Caribbean States. Trinidad and Tobago No
43%
countries with sovereign territory having a coastline on the Mediterranean Sea. United Kingdom Yes
43%
current National Historic Landmarks located in Illinois. Evanston City Hall No
36%
five of the most populous cities in Bhutan (2017). Punakha No
36%
associate members of the Organisation of Eastern Caribbean States. U.S. Virgin Islands No
36%
polities where some form of Malay is a de jure official or co-official language. Cocos (Keeling) Islands Yes
21%
current National Historic Landmarks located in Illinois. John Deere Home and Shop Yes
21%
associate members of the Organisation of Eastern Caribbean States. Saint Martin No
21%
associate members of the Organisation of Eastern Caribbean States. Sint Maarten No
21%
current National Historic Landmarks located in Illinois. Fort De Chartres Yes
7%
No matching quizzes found
Score Distribution
Percent of People with Each Score
Percentile by Number Answered
Your Score History
You have not taken this quiz